[Event "?"]
[Site "?"]
[Date "2009.12.28"]
[Round "3.1"]
[White "Bauer, Norbert"]
[Black "Gebigke, Martin"]
[Result "1/2-1/2"]
[WhiteElo "2064"]
[BlackElo "2231"]
[PlyCount "85"]
[EventDate "2010.??.??"]
[WhiteTeam "SAV Torgelow"]
[BlackTeam "SV Berolina Mitte e.V."]

1. e4 c5 2. Nf3 d6 3. d4 cxd4 4. Nxd4 Nf6 5. Nc3 a6 6. Bg5 e6 7. f4 Be7 8. Qf3
Qc7 9. O-O-O Nbd7 10. g4 b5 11. Bxf6 Nxf6 12. g5 Nd7 13. Bd3 b4 14. Nce2 Bb7
15. Rhg1 g6 16. Kb1 Nc5 17. Qe3 d5 18. e5 Qb6 19. Rg3 O-O-O 20. h4 Ne4 21. Rh3
h6 22. Rdh1 h5 23. Bxe4 dxe4 24. Nb3 Qc7 25. Re1 Kb8 26. Ng3 Rc8 27. Rh2 a5 28.
Nxe4 Bd5 29. Nd6 Rcf8 30. Nc5 Ka8 31. c3 Bxd6 32. exd6 Qxd6 33. cxb4 axb4 34.
Rc1 Qb6 35. Rhc2 Qa7 36. b3 Rc8 37. Qd4 Rb8 38. Qe5 Rhd8 39. Na4 Rd7 40. Rc7
Rxc7 41. Rxc7 Qg1+ 42. Kb2 Qf2+ 43. Rc2 1/2-1/2

[Event "?"]
[Site "?"]
[Date "2009.12.28"]
[Round "3.2"]
[White "Rietze, Clemens"]
[Black "Wiezer, Siegfried"]
[Result "1-0"]
[WhiteElo "2186"]
[BlackElo "2037"]
[PlyCount "34"]
[EventDate "2010.??.??"]
[WhiteTeam "USV Potsdam e.V., Abt. Schach"]
[BlackTeam "SV Königsjäger Süd-West e.V."]

1. e4 d6 2. d4 Nf6 3. Nc3 g6 4. f4 Bg7 5. Nf3 O-O 6. Bd3 c6 7. O-O b5 8. e5
dxe5 9. fxe5 Nd5 10. Qe1 Nxc3 11. bxc3 Bg4 12. Qh4 Bxf3 13. Rxf3 f5 14. Bg5 Qa5
15. Rh3 h5 16. Bxe7 Qxc3 17. Rf1 Qd2 1-0

[Event "?"]
[Site "?"]
[Date "2009.12.28"]
[Round "3.3"]
[White "Schrodt, Sebastian"]
[Black "Cusnariov, Nicolai"]
[Result "0-1"]
[WhiteElo "2054"]
[BlackElo "2173"]
[PlyCount "40"]
[EventDate "2010.??.??"]
[WhiteTeam "BSV 63 Chemie Weißensee"]
[BlackTeam "USV Potsdam e.V., Abt. Schach"]

1. Nf3 Nf6 2. g3 g6 3. Bg2 Bg7 4. O-O O-O 5. c4 c6 6. d3 d5 7. Nbd2 Nbd7 8. Qc2
e5 9. b4 e4 10. Nd4 Qb6 11. Qc3 exd3 12. exd3 Ne4 13. dxe4 Bxd4 14. Qf3 Bxa1
15. Ba3 dxe4 16. Nxe4 Bg7 17. b5 cxb5 18. Bxf8 Nxf8 19. cxb5 Be6 20. a4 Rd8 0-1

[Event "?"]
[Site "?"]
[Date "2009.12.28"]
[Round "3.4"]
[White "Welz, Peter"]
[Black "Bernhoeft, Erhard"]
[Result "1-0"]
[WhiteElo "2090"]
[BlackElo "2021"]
[PlyCount "44"]
[EventDate "2010.??.??"]
[WhiteTeam "SV Empor Berlin e.V."]
[BlackTeam "Potsdamer SV Mitte e.V."]

1. e4 g6 2. d4 Bg7 3. c4 Nc6 4. d5 Nd4 5. Ne2 c5 6. Nxd4 cxd4 7. Bd3 e5 8. O-O
d6 9. f4 h5 10. Qf3 Qd7 11. Na3 a6 12. c5 dxc5 13. Nc4 Qg4 14. Qf2 exf4 15.
Bxf4 Bh6 16. Bxh6 Nxh6 17. Nd6+ Kd7 18. Nxf7 Nxf7 19. Qxf7+ Kd8 20. Qf6+ Kd7
21. Qxh8 Kc7 22. d6+ Kb6 1-0

[Event "?"]
[Site "?"]
[Date "2009.12.28"]
[Round "3.5"]
[White "Barna, André"]
[Black "Scholz, Ralf-Dieter"]
[Result "1-0"]
[WhiteElo "2168"]
[BlackElo "1885"]
[PlyCount "89"]
[EventDate "2010.??.??"]
[WhiteTeam "USV Potsdam e.V., Abt. Schach"]
[BlackTeam "USV Potsdam e.V., Abt. Schach"]

1. d4 g6 2. g3 Bg7 3. Bg2 d5 4. Nf3 Nf6 5. O-O O-O 6. c3 c6 7. Nbd2 Bf5 8. Nh4
Bg4 9. h3 Be6 10. f4 Qc8 11. Kh2 h6 12. Qc2 g5 13. fxg5 hxg5 14. Nf5 Bxf5 15.
Rxf5 Nh7 16. Nf3 f6 17. h4 e6 18. Bh3 Re8 19. Ng1 exf5 20. Bxf5 Qd8 21. Bxh7+
Kh8 22. Bg6 gxh4 23. Bxe8 hxg3+ 24. Kxg3 Qxe8 25. Nf3 Nd7 26. Bf4 Nf8 27. Rh1+
Kg8 28. Kf2 Qe6 29. e3 Re8 30. Rg1 Kf7 31. Nh4 Qe4 32. Qxe4 Rxe4 33. Nf5 Ne6
34. Nd6+ Kf8 35. Nxe4 Nxf4 36. exf4 dxe4 37. f5 Bh6 38. Rh1 Kg7 39. Rh4 e3+ 40.
Kf3 Bg5 41. Re4 Kf7 42. c4 Bh6 43. Rh4 Kg7 44. d5 Bg5 45. Re4 1-0

[Event "?"]
[Site "?"]
[Date "2009.12.28"]
[Round "3.6"]
[White "von Bassewitz, Ingo"]
[Black "Hein, Carsten"]
[Result "0-1"]
[WhiteElo "1941"]
[BlackElo "2127"]
[PlyCount "98"]
[EventDate "2010.??.??"]
[WhiteTeam "TuS 1860 Magdeburg"]
[BlackTeam "SC Empor Potsdam 1952 e.V."]

1. e4 c5 2. d4 cxd4 3. c3 d3 4. Bxd3 Nc6 5. Nf3 d6 6. h3 Nf6 7. Be3 e6 8. c4
Be7 9. Nc3 Nd7 10. O-O O-O 11. Nd4 Nce5 12. Be2 Ng6 13. f4 e5 14. fxe5 dxe5 15.
Nf5 Bc5 16. Bxc5 Nxc5 17. Qxd8 Rxd8 18. b4 Ne6 19. Nd5 Nef4 20. Bg4 Be6 21. g3
Bxd5 22. cxd5 h5 23. gxf4 hxg4 24. hxg4 Nxf4 25. Kh2 g6 26. Ne3 Kg7 27. Rh1
Rac8 28. Kg3 Rc3 29. Kf3 Ra3 30. g5 Rc8 31. d6 Rcc3 32. Rhe1 Ne6 33. d7 Nxg5+
34. Kg4 Ne6 35. Kf3 Ng5+ 36. Ke2 Rxe3+ 37. Kf2 Nxe4+ 38. Kg2 Rg3+ 39. Kh2 Rh3+
40. Kg2 Rag3+ 41. Kf1 Rf3+ 42. Kg2 Rhg3+ 43. Kh2 Rh3+ 44. Kg2 Rfg3+ 45. Kf1
Rh1+ 46. Ke2 Rh2+ 47. Kd1 Rd2+ 48. Kc1 Rc3+ 49. Kb1 Nf6 0-1

[Event "?"]
[Site "?"]
[Date "2009.12.28"]
[Round "3.7"]
[White "Große, Michael"]
[Black "Schulz, Wolfgang"]
[Result "0-1"]
[WhiteElo "1902"]
[BlackElo "2111"]
[PlyCount "66"]
[EventDate "2010.??.??"]
[WhiteTeam "SC Empor Potsdam 1952 e.V."]
[BlackTeam "SC Zitadelle Spandau 1977 e.V."]

1. d4 d5 2. Nf3 Nf6 3. Bf4 e6 4. c3 Bd6 5. Bxd6 Qxd6 6. e3 Nbd7 7. Bd3 e5 8.
dxe5 Nxe5 9. Nxe5 Qxe5 10. Nd2 O-O 11. Nf3 Qd6 12. h3 Re8 13. O-O Bd7 14. Qc2
h6 15. Rad1 Qb6 16. Rfe1 Rad8 17. e4 dxe4 18. Bxe4 Nxe4 19. Rxe4 Bc6 20. Rxd8
Rxd8 21. Rd4 Re8 22. Nd2 Qa5 23. b4 Qg5 24. Rg4 Re1+ 25. Nf1 Qb5 26. c4 Qxb4
27. f3 Qc5+ 28. Qf2 Qxf2+ 29. Kxf2 Ra1 30. Ne3 Rxa2+ 31. Kg3 Ra4 32. Kf4 g5+
33. Kg3 f5 0-1

[Event "?"]
[Site "?"]
[Date "2009.12.28"]
[Round "3.8"]
[White "Illner, Kristof"]
[Black "Francke, Joerg"]
[Result "1-0"]
[WhiteElo "2104"]
[BlackElo "2053"]
[PlyCount "85"]
[EventDate "2010.??.??"]
[WhiteTeam "Potsdamer SV Mitte e.V."]
[BlackTeam "SC Weisse Dame e.V."]

1. e4 e5 2. Nf3 Nf6 3. Nc3 Nc6 4. Bc4 Bb4 5. d3 h6 6. O-O d6 7. Ne2 Bg4 8. Ng3
Nh5 9. c3 Nxg3 10. fxg3 Bc5+ 11. d4 exd4 12. Bxf7+ Ke7 13. h3 dxc3+ 14. Kh2 Rf8
15. Bd5 Bxf3 16. gxf3 Kd7 17. bxc3 Qf6 18. Rb1 Bb6 19. f4 Rae8 20. Bb2 Kc8 21.
c4 Nd4 22. Bxd4 Qxd4 23. Bxb7+ Kd8 24. Qxd4 Bxd4 25. Bc6 Re6 26. Rfd1 Bc5 27.
Rb5 Ke7 28. Kg2 Bb6 29. Kf3 Re5 30. Rxe5+ dxe5 31. Rd5 Bd4 32. Rd7+ Ke6 33. f5+
Kf6 34. Rxc7 g6 35. g4 gxf5 36. gxf5 Kg5 37. Rh7 Rf6 38. Be8 Kh4 39. Bg6 Ra6
40. Rxh6+ Kg5 41. Rh5+ Kf6 42. Rh7 Rxa2 43. h4 1-0

[Event "?"]
[Site "?"]
[Date "2009.12.28"]
[Round "3.9"]
[White "Brinckmann, Dieter"]
[Black "Allgaier, Erik"]
[Result "1/2-1/2"]
[WhiteElo "1819"]
[BlackElo "2073"]
[PlyCount "102"]
[EventDate "2010.??.??"]
[WhiteTeam "SK Zehlendorf e.V."]
[BlackTeam "BVG Helmholtz"]

1. d4 g6 2. c4 Bg7 3. Nc3 d6 4. e4 e5 5. Nf3 Nc6 6. Bg5 f6 7. Be3 Nh6 8. dxe5
dxe5 9. Qxd8+ Kxd8 10. Nd5 Nf7 11. O-O-O Bd7 12. Nd2 Ne7 13. Nb3 Nxd5 14. Rxd5
c6 15. Rd3 b6 16. Be2 Kc7 17. Rhd1 Rhd8 18. Kc2 Be6 19. Rxd8 Rxd8 20. Rxd8 Kxd8
21. c5 Kc7 22. f3 Bh6 23. Bf2 Bf8 24. cxb6+ axb6 25. Kc3 Nd6 26. a4 g5 27. h3
h5 28. Be3 g4 29. hxg4 hxg4 30. Bf2 Bg7 31. a5 bxa5 32. Nxa5 f5 33. Bd3 f4 34.
Nb3 Nf7 35. Nc5 Bc8 36. Bh4 g3 37. Bc4 Nd8 38. b4 Nb7 39. Be7 Nxc5 40. bxc5 Bh3
41. Bd6+ Kd8 42. Bf1 Bc8 43. Kb4 Bf6 44. Ka5 Be6 45. Kb6 Kd7 46. Bc7 Bb3 47.
Bd6 Bd1 48. Kb7 Ba4 49. Bc4 Bd1 50. Bf1 Bb3 51. Be2 Ba4 1/2-1/2

[Event "?"]
[Site "?"]
[Date "2009.12.28"]
[Round "3.10"]
[White "Godoj, Veit"]
[Black "Bachran, Boris"]
[Result "1-0"]
[WhiteElo "2072"]
[BlackElo "1951"]
[PlyCount "128"]
[EventDate "2010.??.??"]
[WhiteTeam "SK König Tegel 1949 e.V."]
[BlackTeam "SG Lok Brandenburg, Abt. Schach"]

1. d4 d5 2. c4 e6 3. Nc3 c6 4. Nf3 Nf6 5. a3 Nbd7 6. cxd5 exd5 7. e3 Bd6 8. Bd3
O-O 9. O-O Re8 10. Qc2 h6 11. b4 a6 12. Bb2 Nf8 13. h3 Qe7 14. Na4 Be6 15. Nc5
Bc8 16. Nd2 Bc7 17. Rfe1 Qd6 18. Nf1 b6 19. Nb3 Ne4 20. Rac1 Bd7 21. Qe2 b5 22.
Nc5 Nxc5 23. dxc5 Qe7 24. Qh5 Be5 25. Qxe5 Qxe5 26. Bxe5 Rxe5 27. Nd2 f5 28.
Nf3 Ree8 29. Nd4 g6 30. f4 Ne6 31. Nf3 h5 32. Ne5 Nf8 33. h4 Rec8 34. Ra1 Be8
35. a4 Nd7 36. Nf3 bxa4 37. Rxa4 a5 38. Rea1 Rab8 39. Rxa5 Rxb4 40. Nd4 Rbb8
41. Ba6 Rc7 42. Be2 Rcc8 43. Bf3 Bf7 44. Bd1 Rb4 45. Be2 Kf8 46. Ra8 Rxa8 47.
Rxa8+ Rb8 48. Ra5 Rc8 49. Kf2 Nf6 50. Bd3 Rc7 51. Ke2 Ke7 52. Kd2 Be8 53. Kc3
Bd7 54. Ra8 Bc8 55. Ra7 Kd8 56. Ra8 Kd7 57. Nf3 Ng4 58. Kd4 Ke6 59. Be2 Kf6 60.
Ne1 Nh6 61. Nd3 Ng8 62. Bf3 Ne7 63. Ne5 Be6 64. Rd8 Kg7 {...} 1-0

[Event "?"]
[Site "?"]
[Date "2009.12.28"]
[Round "3.11"]
[White "Trenner, Rolf"]
[Black "Perestjuk, Marko"]
[Result "1-0"]
[WhiteElo "2280"]
[BlackElo "1902"]
[PlyCount "150"]
[EventDate "2010.??.??"]
[WhiteTeam "SC Empor Potsdam 1952 e.V."]
[BlackTeam "SC Zitadelle Spandau 1977 e.V."]

1. d4 d5 2. c4 e6 3. Nc3 c6 4. Nf3 dxc4 5. a4 Bb4 6. Bd2 b5 7. e3 Bb7 8. axb5
Bxc3 9. Bxc3 cxb5 10. b3 Qd5 11. bxc4 bxc4 12. Ra5 Qd6 13. Bxc4 Nc6 14. Qa4
Nge7 15. Rb5 Rb8 16. O-O O-O 17. Nd2 Nd5 18. Bxd5 exd5 19. Nb3 a6 20. Rc5 Na7
21. Na5 Nb5 22. Nxb7 Rxb7 23. Ba5 f5 24. g3 g5 25. Qa2 Rd7 26. f4 gxf4 27. Rxf4
Qe6 28. Qf2 Rf6 29. Qf3 Na3 30. g4 Nc4 31. Kf2 Rb7 32. Qxd5 Rb2+ 33. Kg3 Qxd5
34. Rxd5 Nxe3 35. Rd8+ Kf7 36. g5 Rg6 37. h4 Rb5 38. Bd2 Ng4 39. Rxf5+ Rxf5 40.
Kxg4 Rf2 41. Bb4 Rb6 42. Rf8+ Ke6 43. Rxf2 Rxb4 44. Rf6+ Ke7 45. Rxa6 Rxd4+ 46.
Kg3 Kf7 47. Rf6+ Kg7 48. h5 Ra4 49. Rf4 Ra6 50. Re4 Rb6 51. Re7+ Kg8 52. Kg4
Rb5 53. Re6 Kg7 54. Kf4 Ra5 55. Re7+ Kg8 56. Re5 Ra6 57. Kf5 Kf7 58. Rd5 Rb6
59. Rd7+ Kg8 60. Re7 Ra6 61. Re6 Ra1 62. Re5 Ra6 63. Rd5 Rb6 64. Ke5 Kf7 65.
Rd7+ Kg8 66. Rd6 Rb1 67. Rd4 Rb6 68. Rd5 Ra6 69. Rd6 Ra1 70. Kf6 Rf1+ 71. Ke7
Rf7+ 72. Ke6 Rf1 73. Rd5 Re1+ 74. Kf6 Rf1+ 75. Rf5 Ra1 {...} 1-0

[Event "?"]
[Site "?"]
[Date "2009.12.28"]
[Round "3.13"]
[White "Mueller, Klaus"]
[Black "Ulrich, Gert"]
[Result "0-1"]
[WhiteElo "2045"]
[BlackElo "1753"]
[PlyCount "106"]
[EventDate "2010.??.??"]
[WhiteTeam "SG Lok Brandenburg, Abt. Schach"]
[BlackTeam "ESV Delitzsch"]

1. e4 c5 2. Nf3 e6 3. d4 cxd4 4. Nxd4 a6 5. c4 Nf6 6. Nc3 Qc7 7. Bd3 Bc5 8. Nc2
Nc6 9. a3 Ne5 10. Be2 Ng6 11. g3 h5 12. Be3 h4 13. g4 Nf4 14. Bxc5 Qxc5 15. Ne3
Nxe2 16. Qxe2 b6 17. Rg1 Bb7 18. f3 g5 19. Kd2 O-O-O 20. Rgd1 d5 21. cxd5 exd5
22. Rac1 Kb8 23. Ncxd5 Qa5+ 24. Kc2 Nxd5 25. exd5 Rhe8 26. Re1 Bxd5 27. Kb1 Be6
28. Rc3 Rc8 29. Rec1 Rxc3 30. Rxc3 Kb7 31. Qc2 Qe5 32. b4 Qf4 33. Nd1 Bd5 34.
Qd3 Rd8 35. Qe2 Be6 36. Ne3 Qd4 37. Kc2 Qd7 38. Kb2 Qd2+ 39. Qxd2 Rxd2+ 40. Rc2
Rxc2+ 41. Kxc2 Kc6 42. a4 Kd6 43. Kd3 Ke5 44. a5 b5 45. Nd1 Kf4 46. Ke2 Bd5 47.
Nb2 Bxf3+ 48. Kf2 Kxg4 49. h3+ Kf4 50. Nd3+ Ke4 51. Nc5+ Kf4 52. Nxa6 g4 53.
hxg4 h3 0-1

[Event "?"]
[Site "?"]
[Date "2009.12.28"]
[Round "3.14"]
[White "Schrodt, Horst"]
[Black "Schlueter, Bernd"]
[Result "1/2-1/2"]
[WhiteElo "1673"]
[BlackElo "2004"]
[PlyCount "47"]
[EventDate "2010.??.??"]
[WhiteTeam "SC Eintracht Berlin e.V."]
[BlackTeam "SV Rochade Potsdam-West e.V."]

1. d4 Nf6 2. c4 g6 3. Nf3 Bg7 4. Nc3 d6 5. e3 O-O 6. Be2 c5 7. dxc5 dxc5 8. O-O
Nc6 9. Qc2 Bg4 10. Rd1 Qb6 11. Na4 Qc7 12. h3 Bf5 13. Qb3 Nb4 14. Ne1 Rfd8 15.
Bd2 Na6 16. Bf3 Ne4 17. Bc3 Nxc3 18. Nxc3 Bxc3 19. Qxc3 Nb4 20. a3 Nc6 21. Qb3
Rac8 22. Rxd8+ Rxd8 23. Rd1 Rxd1 24. Qxd1 1/2-1/2

[Event "?"]
[Site "?"]
[Date "2009.12.28"]
[Round "3.15"]
[White "Rackowiak, Hans"]
[Black "Toth, Hans-Juergen"]
[Result "1-0"]
[WhiteElo "1987"]
[BlackElo "1684"]
[PlyCount "135"]
[EventDate "2010.??.??"]
[WhiteTeam "Potsdamer SV Mitte e.V."]
[BlackTeam "Schachfreunde Zehdenick 76 e.V."]

1. d4 f5 2. Bf4 e6 3. e3 Nf6 4. Nd2 c6 5. c3 d5 6. Ngf3 Be7 7. Ne5 O-O 8. Be2
Nbd7 9. Ndf3 Nh5 10. Nxd7 Bxd7 11. Be5 Nf6 12. Qb3 Qb6 13. O-O Ne4 14. c4 Qxb3
15. axb3 g5 16. Rfd1 g4 17. Ne1 Bh4 18. Nd3 Be7 19. f3 gxf3 20. gxf3 Ng5 21.
Nf4 Nf7 22. h3 Nxe5 23. dxe5 Rf7 24. cxd5 exd5 25. Nh5 Kh8 26. Rac1 Rg8+ 27.
Kh2 Bh4 28. Rf1 Re7 29. f4 Be8 30. Rg1 Bxh5 31. Rxg8+ Kxg8 32. Bxh5 Rg7 33. Rc2
Kf8 34. Rg2 Be1 35. Rxg7 Kxg7 36. Kg2 Bd2 37. Kf2 Bc1 38. Be2 Kf7 39. Bd3 Ke6
40. Ke2 Bxb2 41. Kd2 Ba3 42. Be2 a5 43. Kc2 Bc5 44. Kd3 b5 45. Bd1 Kd7 46. Bc2
Kc7 47. Ke2 Kb6 48. Bxf5 h6 49. Bc2 Be7 50. f5 Kc7 51. f6 Bb4 52. e6 Kd8 53.
e7+ Bxe7 54. fxe7+ Kxe7 55. Kd3 Kd6 56. Kc3 c5 57. Kd3 Ke5 58. Kc3 Kd6 59. Bd3
Kc6 60. h4 b4+ 61. Kc2 Kd6 62. Bb5 Ke5 63. Kd3 Kd6 64. e4 Ke5 65. exd5 Kxd5 66.
h5 Ke5 67. Kc4 Kd6 68. Ba4 1-0

[Event "?"]
[Site "?"]
[Date "2009.12.28"]
[Round "3.16"]
[White "Neumann, Ingo"]
[Black "Schiffermueller, Stefan"]
[Result "0-1"]
[WhiteElo "1609"]
[BlackElo "1963"]
[PlyCount "56"]
[EventDate "2010.??.??"]
[WhiteTeam "SV Rochade Potsdam-West e.V."]
[BlackTeam "SC Empor Potsdam 1952 e.V."]

1. e4 c5 2. Nf3 e6 3. d4 cxd4 4. Nxd4 a6 5. Nc3 Qc7 6. Be2 Nf6 7. Be3 Bb4 8.
O-O Bxc3 9. bxc3 Nxe4 10. c4 Nc3 11. Qd3 Nxe2+ 12. Qxe2 O-O 13. f4 d6 14. g4 e5
15. fxe5 dxe5 16. Nf5 Bxf5 17. gxf5 Nd7 18. Rf2 Rac8 19. Rg2 Kh8 20. Qg4 Rg8
21. Rf1 Qxc4 22. Qh3 Qxa2 23. Rg4 Nf6 24. Rh4 Rxc2 25. Bg5 Rc4 26. Kh1 Rxh4 27.
Qxh4 Qd5+ 28. Kg1 Qd4+ 0-1

[Event "?"]
[Site "?"]
[Date "2009.12.28"]
[Round "3.17"]
[White "Kasper, Mike"]
[Black "Bielick, Jakob"]
[Result "1-0"]
[WhiteElo "1956"]
[BlackElo "1655"]
[PlyCount "29"]
[EventDate "2010.??.??"]
[WhiteTeam "Treptower SV 1949 e.V."]
[BlackTeam "USV Potsdam e.V., Abt. Schach"]

1. e4 c5 2. Na3 Nc6 3. c3 d5 4. exd5 Qxd5 5. Nf3 Bg4 6. Be2 a6 7. O-O e5 8. Re1
Be6 9. Nc4 e4 10. Nb6 Qd8 11. Nxa8 exf3 12. Bxf3 Nge7 13. d4 cxd4 14. cxd4 Nxd4
15. Bxb7 1-0

[Event "?"]
[Site "?"]
[Date "2009.12.28"]
[Round "3.18"]
[White "Witt, Ronald"]
[Black "Mühlhan, Klaus"]
[Result "1-0"]
[WhiteElo "2085"]
[BlackElo "1932"]
[PlyCount "79"]
[EventDate "2010.??.??"]
[WhiteTeam "Schachfreunde Zehdenick 76 e.V."]
[BlackTeam "SC Empor Potsdam 1952 e.V."]

1. e4 c5 2. c3 d5 3. exd5 Qxd5 4. d4 Bf5 5. Be3 e5 6. dxe5 Qxd1+ 7. Kxd1 Nc6 8.
f4 f6 9. Nf3 Nh6 10. Bb5 O-O-O+ 11. Ke2 Ng4 12. h3 Nxe3 13. Kxe3 fxe5 14. fxe5
g6 15. Na3 Bh6+ 16. Kf2 Be4 17. Nc4 Bd5 18. Rad1 Ne7 19. Nd6+ Kc7 20. Rxd5 Nxd5
21. Nf7 Bg7 22. Nxh8 Bxh8 23. Rd1 h6 24. Ba4 a6 25. Bb3 Nf4 26. Rxd8 Kxd8 27.
Bc2 Kd7 28. h4 g5 29. Bf5+ Ke7 30. hxg5 hxg5 31. g3 Ne6 32. Ke3 Bg7 33. Ke4 c4
34. Kd5 Nc7+ 35. Kxc4 Bh6 36. g4 Ne6 37. Bxe6 Kxe6 38. Kd4 b6 39. Ke4 a5 40.
Nd4+ 1-0

[Event "?"]
[Site "?"]
[Date "2009.12.28"]
[Round "3.20"]
[White "Eichstaedt, Mirko"]
[Black "Sicora, Carsten"]
[Result "0-1"]
[WhiteElo "1575"]
[BlackElo "1926"]
[PlyCount "46"]
[EventDate "2010.??.??"]
[WhiteTeam "USV Potsdam e.V., Abt. Schach"]
[BlackTeam "ohne Verein"]

1. e4 e6 2. d4 d5 3. Nc3 Nf6 4. Bg5 Be7 5. e5 Nfd7 6. Bxe7 Qxe7 7. Qg4 O-O 8.
Nf3 c5 9. dxc5 Nc6 10. Qg3 f6 11. exf6 Rxf6 12. O-O-O Nxc5 13. Re1 Qf8 14. Be2
d4 15. Nd1 Ne4 16. Qh4 Rf4 17. Qh3 e5 18. g4 Be6 19. Rhg1 Nb4 20. Nxe5 Qc5 21.
Bd3 Qxe5 22. f3 Qg5 23. Kb1 Bxa2+ 0-1

[Event "?"]
[Site "?"]
[Date "2009.12.28"]
[Round "3.21"]
[White "Osvath, Zoltan"]
[Black "Steppan, Siegfried"]
[Result "1-0"]
[WhiteElo "1900"]
[BlackElo "1591"]
[PlyCount "69"]
[EventDate "2010.??.??"]
[WhiteTeam "SK Potaissa Turda"]
[BlackTeam "SV Werder/H."]

1. d4 Nf6 2. c4 g6 3. Nc3 Bg7 4. e4 d6 5. Nf3 O-O 6. Be2 c5 7. O-O Nc6 8. d5
Na5 9. Qc2 Bg4 10. Nd1 e6 11. Ne3 Bxf3 12. Bxf3 exd5 13. exd5 Nd7 14. Bd2 Ne5
15. Be2 f5 16. Bc3 b6 17. Rfe1 Nb7 18. Nf1 f4 19. Nd2 f3 20. Nxf3 Nxf3+ 21.
Bxf3 Bxc3 22. Qxc3 Qg5 23. h3 Qf6 24. Qxf6 Rxf6 25. Re7 Na5 26. b3 a6 27. Re6
Rxe6 28. dxe6 Re8 29. Bd5 Re7 30. Rd1 b5 31. f4 bxc4 32. bxc4 Kg7 33. g4 Kf8
34. Rb1 Kg7 35. Rb6 1-0

[Event "?"]
[Site "?"]
[Date "2009.12.28"]
[Round "3.22"]
[White "Werthmann, Nils"]
[Black "Binder, Thomas"]
[Result "0-1"]
[WhiteElo "1501"]
[BlackElo "1894"]
[PlyCount "62"]
[EventDate "2010.??.??"]
[WhiteTeam "USV Potsdam e.V., Abt. Schach"]
[BlackTeam "SF Siemensstadt"]

1. c4 c6 2. d4 d5 3. Nc3 Nf6 4. Nf3 dxc4 5. e4 b5 6. Qc2 e6 7. a4 Bb4 8. Bd2
O-O 9. axb5 Bxc3 10. bxc3 cxb5 11. g3 Bb7 12. Rb1 Bxe4 13. Qb2 Bxf3 14. Rg1 Qd5
15. Qxb5 Qe4+ 16. Be3 Nd5 17. Kd2 Nxe3 18. fxe3 Nc6 19. Qxc4 Qxb1 20. Qa4 Rab8
21. Bb5 Qxg1 22. h4 Qf2+ 23. Kc1 Qe1+ 24. Kc2 Bd1+ 25. Kd3 Bxa4 26. Bxa4 Rfc8
27. h5 Ne5+ 28. Ke4 Rxc3 29. Kxe5 Qxe3+ 30. Kd6 Qxd4+ 31. Ke7 Qd8# 0-1

[Event "?"]
[Site "?"]
[Date "2009.12.28"]
[Round "3.23"]
[White "Kliem, Helmut"]
[Black "Krueger, Kay"]
[Result "1-0"]
[WhiteElo "1846"]
[BlackElo "1502"]
[PlyCount "43"]
[EventDate "2010.??.??"]
[WhiteTeam "SV Königsjäger Süd-West e.V."]
[BlackTeam "ESV Lok Falkenberg e.V."]

1. e4 c5 2. Nf3 d6 3. d4 cxd4 4. Nxd4 a6 5. Nc3 e6 6. Be3 Be7 7. Qd2 Nf6 8. f3
O-O 9. O-O-O Nbd7 10. g4 b5 11. Nc6 Qe8 12. Nxe7+ Qxe7 13. Qxd6 Qxd6 14. Rxd6
Ne5 15. Be2 Bb7 16. Rhd1 Rac8 17. Kb1 b4 18. Na4 Nfxg4 19. fxg4 Bxe4 20. R1d2
Nc4 21. Bxc4 Rxc4 22. R6d4 1-0

[Event "?"]
[Site "?"]
[Date "2009.12.28"]
[Round "3.25"]
[White "Heinrich, Daniela"]
[Black "Vachkov, Temi"]
[Result "1/2-1/2"]
[WhiteElo "1421"]
[BlackElo "1804"]
[PlyCount "33"]
[EventDate "2010.??.??"]
[WhiteTeam "Schachverein Briesen e.V."]
[BlackTeam "SK Zehlendorf"]

1. e4 d6 2. f4 g6 3. Nf3 Bg7 4. d4 Nf6 5. Nc3 c5 6. d5 O-O 7. Bd3 a6 8. a4 e6
9. O-O Qb6 10. Kh1 exd5 11. Nxd5 Nxd5 12. exd5 Nd7 13. a5 Qc7 14. c4 b6 15.
axb6 Nxb6 16. Qc2 Nd7 17. Bd2 1/2-1/2

[Event "?"]
[Site "?"]
[Date "2009.12.28"]
[Round "3.26"]
[White "Ispirjan, Mikael"]
[Black "Swoboda, Julia"]
[Result "1-0"]
[WhiteElo "1756"]
[BlackElo "1097"]
[PlyCount "57"]
[EventDate "2010.??.??"]
[WhiteTeam "SAV Torgelow"]
[BlackTeam "USV Potsdam e.V., Abt. Schach"]

1. e4 c6 2. d4 d5 3. exd5 cxd5 4. Bd3 Nf6 5. h3 e6 6. Nf3 Bd6 7. O-O O-O 8. Re1
Nc6 9. c3 Qc7 10. Qc2 b6 11. Bg5 Be7 12. Bxf6 Bxf6 13. Bxh7+ Kh8 14. Bd3 g6 15.
Qc1 Kg7 16. Nbd2 Rh8 17. Nf1 e5 18. dxe5 Nxe5 19. Qf4 Nxf3+ 20. Qxf3 Be6 21.
Qg3 Qc5 22. Rxe6 Rh6 23. Re3 Bh4 24. Qf4 g5 25. Qd4+ Rf6 26. Rf3 Qd6 27. Qxf6+
Qxf6 28. Rxf6 Kxf6 29. g3 1-0

[Event "?"]
[Site "?"]
[Date "2009.12.28"]
[Round "3.27"]
[White "Nguyen, Anh Van"]
[Black "Neumaier, Hubert"]
[Result "1/2-1/2"]
[WhiteElo "1291"]
[BlackElo "1846"]
[PlyCount "55"]
[EventDate "2010.??.??"]
[WhiteTeam "USV Potsdam e.V., Abt. Schach"]
[BlackTeam "ohne Verein"]

1. e4 d5 2. exd5 Qxd5 3. Nc3 Qd6 4. d4 Nf6 5. Nf3 a6 6. Be3 b5 7. Qd3 Bb7 8.
Be2 e6 9. O-O Nbd7 10. Ng5 Bd5 11. Nxd5 exd5 12. Bf3 Be7 13. Nh3 O-O 14. Nf4 c6
15. Rfe1 Rfe8 16. Re2 Qc7 17. Rae1 Bd6 18. g3 Re7 19. Bd2 Rae8 20. Rxe7 Rxe7
21. Rxe7 Bxe7 22. a3 Nb6 23. Ba5 Qb7 24. Bxb6 Qxb6 25. b4 Qd8 26. Qc3 Qb6 27.
Nd3 Bd6 28. Nc5 1/2-1/2

[Event "?"]
[Site "?"]
[Date "2009.12.28"]
[Round "3.30"]
[White "Schweitzer, Paul"]
[Black "Wolff, Marie Antoinette"]
[Result "1-0"]
[WhiteElo "1782"]
[BlackElo "977"]
[PlyCount "65"]
[EventDate "2010.??.??"]
[WhiteTeam "SV Königsjäger Süd-West e.V."]
[BlackTeam "SG Blau-Weiß 1948 Leegebruch"]

1. Nf3 Nf6 2. b3 g6 3. Bb2 Bg7 4. e4 d6 5. Nc3 O-O 6. d4 Nc6 7. Rc1 Bg4 8. h3
Bxf3 9. gxf3 Qe8 10. d5 Ne5 11. f4 Ned7 12. Rb1 e5 13. dxe6 Qxe6 14. f3 Nc5 15.
Bc4 d5 16. Nxd5 Nxd5 17. Qxd5 Qe7 18. Bxg7 Qh4+ 19. Ke2 Kxg7 20. Qxc5 Qxf4 21.
Qd4+ Kg8 22. h4 Rad8 23. Qe3 Qd6 24. h5 Rd7 25. hxg6 Qxg6 26. Rbg1 Kh8 27. Rxg6
fxg6 28. Qc3+ Rg7 29. Rd1 Re8 30. Qf6 h6 31. Rd7 Reg8 32. Bxg8 Kxg8 33. Qxg7#
1-0

[Event "?"]
[Site "?"]
[Date "2009.12.28"]
[Round "3.32"]
[White "Leyrer, Thomas"]
[Black "Cech, Tim"]
[Result "0-1"]
[WhiteElo "751"]
[BlackElo "1420"]
[PlyCount "82"]
[EventDate "2010.??.??"]
[WhiteTeam "SV Königsjäger Süd-West e.V."]
[BlackTeam "USV Potsdam e.V., Abt. Schach"]

1. e4 e5 2. Nf3 Nf6 3. Nc3 Nc6 4. Bc4 Nxe4 5. Nxe4 d5 6. Bxd5 Qxd5 7. Nc3 Qd8
8. d3 Bb4 9. Bd2 Bg4 10. h3 Bh5 11. g4 Bg6 12. Qe2 Qd6 13. a3 Bxc3 14. Bxc3 f6
15. O-O-O O-O-O 16. Rhg1 Rhe8 17. Nd2 Qd5 18. f3 a5 19. b3 a4 20. Kb2 axb3 21.
Nxb3 Nd4 22. Bxd4 exd4 23. Qf2 Re3 24. Rgf1 Bf7 25. Ka1 Qc6 26. Nxd4 Qc3+ 27.
Kb1 Qxd4 28. c3 Qb6+ 29. Kc1 Rexd3 30. Qxb6 Rxd1+ 31. Rxd1 Rxd1+ 32. Kxd1 cxb6
33. Kd2 Kd7 34. Kd3 Kd6 35. Kd4 Bd5 36. f4 g5 37. Ke3 Kc5 38. fxg5 fxg5 39. Kd3
b5 40. Kc2 Kc4 41. Kb2 Bg2 0-1

[Event "?"]
[Site "?"]
[Date "2009.12.28"]
[Round "3.33"]
[White "Fuchs, Dominik"]
[Black "Faust, Adrian"]
[Result "0-1"]
[WhiteElo "1354"]
[BlackElo "876"]
[PlyCount "76"]
[EventDate "2010.??.??"]
[WhiteTeam "SC Zitadelle Spandau 1977 e.V."]
[BlackTeam "Potsdamer SV Mitte e.V."]

1. e4 e5 2. Nf3 Nc6 3. Bb5 Nge7 4. Nc3 g6 5. d3 Bg7 6. O-O a6 7. Ba4 d6 8. Bg5
O-O 9. Nd5 h6 10. Bxe7 Nxe7 11. Bb3 Nxd5 12. Bxd5 c6 13. Bb3 d5 14. Re1 Re8 15.
h3 Be6 16. c3 dxe4 17. dxe4 Qb6 18. Bxe6 Rxe6 19. Qc2 Rd8 20. Rad1 Red6 21. Nd2
h5 22. Nc4 Rxd1 23. Rxd1 Qc7 24. Rd3 b5 25. Rxd8+ Qxd8 26. Qd2 Qh4 27. Nd6 Kf8
28. Ne8 Qe7 29. Qe3 Qxe8 30. Qb6 Qa8 31. b4 Qc8 32. Kf1 Qd7 33. Ke2 Qe6 34.
Qxa6 Qc4+ 35. Kd2 Bh6+ 36. Kc2 Qe2+ 37. Kb3 Qd1+ 38. Kb2 Bc1+ 0-1